Diseño responsable : 1era. exposición carbono neutral /
Gespeichert in:
| Format: | Buch |
|---|---|
| Sprache: | Spanish |
| Veröffentlicht: |
San José, Costa Rica :
Museo de Arte y Diseño Contemporáneo,
2010.
|
| Schlagworte: | |
| Tags: |
Tag hinzufügen
Keine Tags, Fügen Sie den ersten Tag hinzu!
|
MARC
| LEADER | 00000nam a22000007a 4500 | ||
|---|---|---|---|
| 008 | 140710s2009 cr a|||f |||| 000 0 spa d | ||
| 020 | |a 9789968982436 | ||
| 082 | |a 745.407.4 |b D611d | ||
| 245 | 1 | 0 | |a Diseño responsable : |b 1era. exposición carbono neutral / |
| 260 | |a San José, Costa Rica : |b Museo de Arte y Diseño Contemporáneo, |c 2010. | ||
| 300 | |a 80 páginas : |b ilustraciones a color | ||
| 650 | 1 | 7 | |a DISEÑO |v EXPOSICIONES |
| 942 | |2 ddc |c BK | ||
| 999 | |c 3373 |d 3373 | ||



